Simposio internacional sobre circulación cerebral : (Record no. 5010)

MARC details
000 -LEADER
campo de control de longitud fija 00740nam a22001817a 4500
001 - NÚMERO DE CONTROL
campo de control 19564
005 - FECHA Y HORA DE LA ÚLTIMA TRANSACCIÓN
campo de control 20250522045710.0
008 - DATOS DE LONGITUD FIJA--INFORMACIÓN GENERAL
campo de control de longitud fija 5230201977 -usa
020 ## - NÚMERO INTERNACIONAL ESTÁNDAR DEL LIBRO
Número Internacional Estándar del Libro 90-219-9320-1
082 ## - NÚMERO DE LA CLASIFICACIÓN DECIMAL DEWEY
Número de clasificación 612.825Si577i
111 ## - ENTRADA PRINCIPAL--NOMBRE DE CONGRESO/REUNIÓN
Nombre de congreso/reunión o jurisdicción como elemento de entrada Simposio Internacional sobre Circulación Cerebral ( 1977. Madrid)
245 ## - MENCIÓN DEL TÍTULO
Título Simposio internacional sobre circulación cerebral :
Resto del título I Simposio internacional sobre oxovinca :
-- actas del simposio celebrado en Madrid 27 y 28 octubre 1977
Mención de responsabilidad, etc. Redactores : Prof. Dr. J. Cevós-Navarro y A. Portera Sánchez.
260 ## - PUBLICACIÓN, DISTRIBUCIÓN, ETC.
Lugar de publicación, distribución, etc. Amsterdam :
Nombre del editor, distribuidor, etc. Excerta Medica
Fecha de publicación, distribución, etc. 1977
300 ## - DESCRIPCIÓN FÍSICA
Extensión 241 p. ;
Dimensiones 24 cm.
504 ## - NOTA DE BIBLIOGRAFÍA, ETC.
Nota de bibliografía, etc. Nota Incluye Bibliografía
650 ## - PUNTO DE ACCESO ADICIONAL DE MATERIA--TÉRMINO DE MATERIA
Término de materia o nombre geográfico como elemento de entrada 1.Circulación Sanguínea Cerebral-Congresos
700 ## - ENTRADA AGREGADA--NOMBRE PERSONAL
Nombre de persona I.Tít.
Holdings
Estatus retirado Estado de pérdida Estado de daño No para préstamo Colección Biblioteca de origen Biblioteca actual Fecha de adquisición Total de préstamos Signatura topográfica completa Código de barras Visto por última vez Copia número Precio de reemplazo Tipo de ítem Koha
        Acervo general de Libros Biblioteca Central Mons. Favio M. Rivas S. Biblioteca Central Mons. Favio M. Rivas S. 11/04/2019   612.825Si577i 000000007322 23/05/2025 1 23/05/2025 Libros